000
00344 a2200133 4500
003
OSt
005
20240131120859.0
008
240131b |||||||| |||| 00| 0 eng d
040
_c
oclc
082
_a
297.122
245
_a
TAFSIR AL QURAN AL ADHEEM / IBN KATHIR VOL-2
300
_a
783p.
942
_2
ddc
_c
BK
_h
297.122
_k
297.122
999
_c
43360
_d
43360